| 000 | 00798cam a2200217 a 4500 | ||
|---|---|---|---|
| 999 |
_c12891 _d12891 |
||
| 003 | OSt | ||
| 005 | 20240807130335.0 | ||
| 008 | 850611s1986 nyua 001 0 eng | ||
| 040 |
_aDLC _cDLC _dDLC |
||
| 082 | 0 | 0 |
_a684.1/04 _219 |
| 245 | 0 | 0 |
_aMaking authentic craftsman furniture : _binstructions and plans for 62 projects. |
| 260 |
_aNew York : _bDover Publications, _cc1986. |
||
| 300 |
_a121 p. : _bill. ; _c28 cm. |
||
| 500 | _aIncludes index. | ||
| 500 | _aArticles from the Craftsman, edited by Gustav Stickley and published between 1901 and 1916. | ||
| 650 | 0 | _aFurniture making. | |
| 700 | 1 |
_aStickley, Gustav, _d1858-1942. |
|
| 730 | 0 | _aCraftsman (Eastwood, Syracuse, N.Y.) | |
| 856 | 4 | 2 |
_3Publisher description _uhttp://www.loc.gov/catdir/description/dover031/85013075.html |
| 942 | _2ddc | ||